[Event "Politiken Cup"]
[Site "Copenhagen"]
[Date "1998.07.09"]
[Round "6"]
[White "Schandorff, Lars"]
[Black "Jakobsen, Ole"]
[Result "1-0"]
[WhiteElo "2525"]
[BlackElo "2345"]

1.d4 d6 2.e4 g6 3.Nc3 Bg7 4.Be3 a6 5.Qd2 b5 6.a4 b4 7.Nd1 a5 8.c3 Nf6 9.f3 bxc3
10.bxc3 O-O 11.Bd3 e5 12.Ne2 Nbd7 13.O-O d5 14.Nf2 Ba6 15.Bg5 dxe4 16.fxe4 Qc8
17.Ng3 Re8 18.Rae1 c5 19.d5 c4 20.Bc2 Rb8 21.Nd1 Qc5+ 22.Kh1 Qf8 23.Rf3 h6
24.Be3 Nh7 25.Ref1 f6 26.h4 h5 27.Ne2 Qd6 28.Rg1 Ndf8 29.g4 hxg4 30.Rxg4 Bc8
31.Rg2 Bd7 32.Bh6 Re7 33.Bxg7 Rxg7 34.Ne3 Qc5 35.Ng3 Kh8 36.Qe2 Rc8 37.Ngf1 Qa3
38.Nxc4 Qa1 39.Kh2 Rb8 40.Nxa5 Bxa4 41.Bxa4 Qxa4 42.Nc6 Rb1 43.Ng3 Rgb7 44.Qa2 Qxa2
45.Rxa2 R1b2+ 46.Rf2 Rxf2+ 47.Rxf2 Rb3 48.Rc2 Nd7 49.Kg2 Nc5 50.Ne7 Nf8 51.Kh2 Rb7
52.Nc6 Rb3 53.Kh3 Nfd7 54.Kg4 Nb6 55.h5 Nc4 56.Re2 Rxc3 57.hxg6 Ne3+ 58.Kh4 Nc4
59.Nf5 Rf3 60.g7+ Kh7  1-0

[Event "Politiken Cup"]
[Site "Copenhagen"]
[Date "1998.07.09"]
[Round "6"]
[White "Petersen, Steen"]
[Black "Hansen, Gunnar West"]
[Result "1/2-1/2"]
[WhiteElo "2130"]
[BlackElo "2245"]

1.d4 g6 2.e4 Bg7 3.Nc3 d6 4.Be3 c6 5.Qd2 Nf6 6.f3 e5 7.Nge2 Nbd7 8.Bh6 Bxh6
9.Qxh6 Ng8 10.Qd2 Nb6 11.Nc1 Nf6 12.Nb3 Be6 13.O-O-O Qe7 14.Be2 Nc4 15.Bxc4 Bxc4
16.dxe5 dxe5 17.Qe3 b6 18.Rd2 O-O 19.Rhd1 Kg7 20.Qg5 h6 21.Qe3 Rfd8 22.Qe1 Rac8
23.Qe3 Rxd2 24.Qxd2 Rc7 25.Qd6 Qxd6  1/2-1/2

[Event "Politiken Cup"]
[Site "Copenhagen"]
[Date "1998.07.09"]
[Round "6"]
[White "Vihinen, Teemu"]
[Black "Matthiesen, Martin"]
[Result "0-1"]
[WhiteElo "2155"]
[BlackElo "2265"]

1.e4 g6 2.d4 Bg7 3.Nc3 d6 4.Be3 c6 5.Qd2 Nf6 6.Bh6 Bxh6 7.Qxh6 Qa5 8.Qd2 O-O
9.Nf3 c5 10.Be2 Bg4 11.d5 Qb4 12.Qe3 Qxb2 13.Rb1 Qa3 14.Rxb7 Nbd7 15.O-O Rab8
16.Rb3 Qa5 17.Rfb1 Bxf3 18.gxf3 Rxb3 19.axb3 Nh5 20.f4 Nxf4 21.Bf1 Nh5 22.Ne2 Qa2
23.Rc1 Qb2 24.Qc3 Qxc3 25.Nxc3 f5 26.Ra1 fxe4 27.Rxa7 Nhf6 28.Nxe4 Nxe4 29.Rxd7 Rf7
30.Bh3 Kf8 31.Bg2 Nxf2 32.h3 Nd1 33.Ra7 Ne3 34.c4 Rf5 35.Be4 Rf4 36.Bg2 Nc2
37.Ra2 Nd4 38.Rb2 Nf5 39.Kh2 Rd4 40.Kg1 Ne3 41.Rf2+ Ke8 42.Rf3 Rd1+ 43.Kf2 Nf5
44.Bf1 Nd4 45.Rg3 Rb1 46.Bd3 Rxb3 47.h4 Rb2+ 48.Kg1 Ne2+  0-1

[Event "Politiken Cup"]
[Site "Copenhagen"]
[Date "1998.07.09"]
[Round "6"]
[White "Palm, Nicolai"]
[Black "Nilsson, Nils Specht"]
[Result "1-0"]
[WhiteElo "2255"]
[BlackElo "2160"]

1.e4 d6 2.d4 g6 3.Nc3 Bg7 4.Be3 a6 5.Qd2 b5 6.f3 Nd7 7.Nge2 Nb6 8.Nf4 Nf6
9.Rd1 O-O 10.h4 Re8 11.g4 b4 12.Nb1 a5 13.Qh2 Bxg4 14.fxg4 Nxg4 15.Qg3 Nxe3
16.Qxe3 Bxd4 17.Rxd4 e5 18.Rd2 exf4 19.Qxf4 Qe7 20.Re2 Nc4 21.b3 Ne5 22.Bg2 a4
23.O-O axb3 24.axb3 Ra2 25.Bh3 c5 26.Rg2 Nc6 27.Bg4 Nd4 28.Bd1 Ne6 29.Qf2 Nd8
30.Nd2 Rf8 31.h5 Ne6 32.h6 Nd4 33.Qf4 f5 34.Kh2 Raa8 35.exf5 Rxf5 36.Qg3 Raf8
37.Rxf5 Rxf5 38.Nc4 Rf1 39.Bg4 Nf5 40.Bxf5 Rxf5 41.Nxd6 Rh5+ 42.Kg1 Qf6 43.Re2 Qa1+
44.Kf2 Qd4+ 45.Kg2 Qd5+ 46.Ne4 Rf5 47.Qb8+ Rf8 48.Qc7 Rf7 49.Qd6 Qf5 50.Ng3 Qf3+
51.Kh2 Qa8 52.Ne4  1-0

[Event "St Veit op 17th"]
[Site "St Veit"]
[Date "1998.07.13"]
[Round "3"]
[White "Mazi, Leon"]
[Black "Djurkovic, Maks"]
[Result "1-0"]
[WhiteElo "2420"]
[BlackElo "2150"]

1.e4 g6 2.d4 Bg7 3.Nc3 d6 4.Nf3 a6 5.a4 Nc6 6.h3 e5 7.Be3 exd4 8.Nxd4 Nge7
9.Bc4 O-O 10.Qd2 Bxd4 11.Bxd4 Be6 12.Bxe6 fxe6 13.Be3 Ne5 14.Qe2 N7c6 15.Rd1 Qh4
16.g3 Qe7 17.f4 Nd7 18.O-O Nb4 19.Rf2 Nf6 20.Qc4 a5 21.e5 Nfd5 22.exd6 cxd6
23.Nxd5 Nxd5 24.Bd4 Rac8 25.Qe2 Rfe8 26.Re1 Qd7 27.b3 Nc3 28.Qd3 Qc6 29.Rf3 Nd5
30.c3 e5 31.fxe5 dxe5 32.Rxe5 Rxe5 33.Bxe5 Qb6+ 34.Bd4 Qxb3 35.Qe4 Nxc3 36.Bxc3 Qd1+
37.Rf1  1-0

[Event "Politiken Cup"]
[Site "Copenhagen"]
[Date "1998.07.14"]
[Round "10"]
[White "Moloney, Nicholas"]
[Black "Matthiesen, Martin"]
[Result "0-1"]
[WhiteElo "2120"]
[BlackElo "2265"]

1.e4 g6 2.d4 Bg7 3.Nc3 d6 4.Bc4 Nf6 5.Qe2 Nc6 6.e5 Nd7 7.Nf3 Nb6 8.Bb3 O-O
9.Bf4 Na5 10.O-O-O Nxb3+ 11.axb3 a5 12.Nd2 a4 13.b4 dxe5 14.dxe5 Qd4 15.Qe4 Qxe4
16.Ndxe4 Nc4 17.Nd5 a3 18.Nxe7+ Kh8 19.bxa3 Rxa3 20.Kb1 Nxe5 21.c3 Be6 22.Nd5 Rfa8
23.Bc1 Ra1+ 24.Kc2 R8a2+ 25.Bb2 Rxd1 26.Rxd1 Nc4 27.Ne3 Rxb2+ 28.Kc1 Bh6
29.Nf6 Rxf2 30.Rd8+ Kg7 31.Ne8+ Kf8 32.Nxc7+ Ke7 33.Re8+ Kd7 34.Re7+ Kxe7
35.Nd5+ Bxd5  0-1

[Event "Politiken Cup"]
[Site "Copenhagen"]
[Date "1998.07.14"]
[Round "10"]
[White "Rossen, Claus"]
[Black "Koskinen, Henri"]
[Result "0-1"]
[WhiteElo "2165"]
[BlackElo "2310"]

1.d4 d6 2.e4 g6 3.Nc3 Bg7 4.f4 a6 5.Nf3 b5 6.Bd3 Bb7 7.Be3 Nd7 8.Qd2 c5 9.Rd1 c4
10.Be2 Ngf6 11.e5 Nd5 12.Nxd5 Bxd5 13.c3 O-O 14.f5 gxf5 15.Bg5 f6 16.Bh6 e6
17.exd6 Bxh6 18.Qxh6 Nb6 19.g4 fxg4 20.Rg1 f5 21.Ng5 Qd7 22.h3 Qg7 23.Qxg7+ Kxg7
24.hxg4 f4 25.Kf2 Rad8 26.Bf3 Rxd6 27.Rde1 Re8 28.Rh1 Kg6 29.Re5 Nd7 30.Be4+ Bxe4
31.Nxe4 Nxe5 32.Nxd6 Nd3+ 33.Kf3 Rd8 34.Ne4 Nxb2 35.Kxf4 e5+ 36.Ke3 Nd3 37.g5 exd4+
38.cxd4 Nb4 39.Rh6+ Kg7 40.Nd6 Nd5+ 41.Ke4 Ne7 42.Nb7 Rc8 43.Nc5 a5 44.a3 Ng6
45.Ne6+ Kg8 46.Rh2 b4 47.axb4 axb4 48.d5 c3 49.d6 b3 50.d7 Rb8 51.Kd3 c2
52.Rxc2 Nf4+ 53.Nxf4 bxc2 54.Kxc2 Rd8 55.Nd5 Kg7 56.Nb6 Kg6 57.Kd3 Kxg5 58.Ke4 Kg4
59.Ke5 h5 60.Ke6 h4 61.Nc4 Kf3 62.Nd2+ Ke2 63.Ne4 h3 64.Ng3+ Kf2 65.Ne4+ Kg2  0-1

[Event "Szeged TT07 IM"]
[Site "Szeged"]
[Date "1998.07.20"]
[Round "5"]
[White "Nanu, Ciprian"]
[Black "Ianov, Viktor"]
[Result "1/2-1/2"]
[WhiteElo "2405"]
[BlackElo "2350"]

1.e4 d6 2.d4 g6 3.Nc3 Bg7 4.Be3 a6 5.Qd2 b5 6.a4 b4 7.Nd1 Nf6 8.f3 a5 9.c3 bxc3
10.bxc3 O-O 11.g4 e5 12.h4 h5 13.dxe5 dxe5 14.g5 Nfd7 15.Qd5 c6 16.Qd6 Ba6
17.Bxa6 Rxa6 18.Nb2 Re8 19.Qd3 Qe7 20.Qc4 Nb6 21.Qe2 Qe6 22.Rh2 Bf8 23.Nh3 Rd8
24.Nf2 Qb3 25.Nfd1 Be7 26.Qc2 Qe6 27.Qe2 Qb3 28.Qc2 Qe6 29.Qe2 Qb3  1/2-1/2

[Event "Quebec op"]
[Site "Montreal"]
[Date "1998.07.26"]
[Round "2"]
[White "Cormos, Eugene"]
[Black "Levtchouk, George"]
[Result "0-1"]
[WhiteElo "2095"]
[BlackElo "2330"]

1.e4 g6 2.d4 Bg7 3.Nc3 d6 4.f4 a6 5.a4 Nc6 6.Be3 Nf6 7.Nf3 O-O 8.Be2 e6 9.O-O b6
10.Ng5 Ne7 11.Bf3 h6 12.Nh3 Rb8 13.g4 c5 14.g5 hxg5 15.Nxg5 Qc7 16.Ne2 cxd4
17.Nxd4 e5 18.Nb3 Bb7 19.fxe5 dxe5 20.Qe2 Bc8 21.Rfd1 Nh7 22.Nxh7 Kxh7 23.a5 bxa5
24.Bc5 Rxb3 25.Bxe7 Rxf3 26.Bxf8 Qa7+ 27.Kg2 Re3 28.Qf2 Bxf8 29.Rd3 Bc5 30.Rd8 Bh3+
31.Kh1 Qe7 32.Rd5 Bg4 33.Rxc5 Bf3+ 34.Kg1 Qxc5 35.h3 Qd4 36.c3 Qxe4  0-1

[Event "Saitek US Masters"]
[Site "Hawaii"]
[Date "1998.07.28"]
[Round "8"]
[White "Antonio, Rogelio Jr"]
[Black "Hodgson, Julian M"]
[Result "1-0"]
[WhiteElo "2540"]
[BlackElo "2575"]

1.e4 g6 2.d4 Bg7 3.Nc3 d6 4.Be3 a6 5.Qd2 b5 6.a4 b4 7.Nd1 a5 8.c3 Nf6 9.f3 Nc6
10.h4 bxc3 11.bxc3 e5 12.Bb5 Bd7 13.d5 Nb8 14.c4 O-O 15.Bg5 c6 16.dxc6 Nxc6
17.Ne2 Nb4 18.O-O Be6 19.Nb2 h6 20.Bxh6 Nh5 21.Bg5 f6 22.Be3 f5 23.Rad1 Qxh4
24.Bg5  1-0

[Event "Saitek US Masters"]
[Site "Hawaii"]
[Date "1998.07.29"]
[Round "9"]
[White "Rowley, Robert"]
[Black "Villamayor, Bong"]
[Result "0-1"]
[WhiteElo "2360"]
[BlackElo "2280"]

1.e4 g6 2.d4 Bg7 3.Nc3 d6 4.Nf3 Nf6 5.Be2 O-O 6.O-O Bg4 7.Be3 Nc6 8.Qd2 e5
9.dxe5 dxe5 10.Rad1 Qc8 11.Qc1 Re8 12.h3 Bxf3 13.Bxf3 Nd7 14.Bg4 Nd4 15.f4 h5
16.Bxd7 Qxd7 17.fxe5 Bxe5 18.Bxd4 Bxd4+ 19.Kh1 c6 20.Qf4 Re7 21.e5 c5 22.Ne4 Qf5
23.Nf6+ Kg7 24.Qxf5 gxf5 25.Nxh5+ Kg6 26.Nf4+ Kg5 27.c3 Bxe5 28.g3 Rae8 29.Kg2 b6
30.Rd5 c4 31.Rd2 b5 32.Rdf2 Bd6 33.a3 Re1 34.Rxe1 Rxe1 35.Re2 Rd1 36.Kf3 a6
37.h4+ Kf6 38.Nh5+ Kg6 39.Nf4+ Bxf4 40.gxf4 Rd3+ 41.Kf2 Kh5 42.Re7 Kg4 43.Rxf7 Kxf4
44.Rf6 Rd2+ 45.Ke1 Rxb2 46.Rxa6 Ke3 47.Re6+ Kd3 48.Rf6 Re2+ 49.Kf1 Re5 50.h5 f4
51.Rxf4 Rxh5 52.Rf3+ Kc2 53.Re3 Kb3 54.Ke1 Rd5 55.Ke2 Kxa3 56.Rg3 Kb2 57.Re3 b4
58.cxb4 c3 59.Rd3 Rxd3  0-1

[Event "BCF-ch"]
[Site "Torquay"]
[Date "1998.07.31"]
[Round "5"]
[White "Pert, Richard G"]
[Black "Martin, Andrew D"]
[Result "0-1"]
[WhiteElo "2235"]
[BlackElo "2445"]

1.d4 d6 2.e4 g6 3.Nc3 Bg7 4.Be3 a6 5.a4 Nc6 6.d5 Ne5 7.Bd4 Nf6 8.f4 Ned7
9.e5 Nh5 10.Nf3 O-O 11.Qd2 c5 12.dxc6 bxc6 13.g4 Nxf4 14.exd6 e5 15.Be3 Rb8
16.O-O-O Qa5 17.Bc4 Nc5 18.Nb1 Qxd2+ 19.Rxd2 Bxg4 20.Ng5 Nd7 21.Bxa6 Nd5
22.Rd3 e4 23.Nxe4 Rfe8 24.Nbc3 Nxe3 25.Rxe3 Bh6 26.Kd2 f5 27.Bc4+ Kg7 28.Rg1 Bxe3+
29.Kxe3 Bh5 30.Rf1 Nf6 31.d7 Re7  0-1

[Event "Eikrem mem"]
[Site "Gausdal"]
[Date "1998.08.01"]
[Round "1"]
[White "Hector, Jonny"]
[Black "Ferkingstad, Sjur"]
[Result "1-0"]
[WhiteElo "2510"]
[BlackElo "2075"]

1.Nc3 g6 2.e4 Bg7 3.d4 d6 4.f4 Nf6 5.Nf3 O-O 6.Bd3 Nfd7 7.O-O c6 8.f5 b5
9.Qe1 Na6 10.Qh4 e5 11.Bg5 f6 12.fxg6 hxg6 13.Be3 Nc7 14.a4 b4 15.Bc4+ d5
16.exd5 Nb6 17.Bd3 Bf5 18.Ne4 Nbxd5 19.Neg5 Re8 20.Qh7+ Kf8 21.Nh4 Nf4 22.Bxf5  1-0

[Event "RUS-ch51"]
[Site "St Petersburg"]
[Date "1998.08.01"]
[Round "5"]
[White "Voitsekhovsky, Stanislav"]
[Black "Popov, Valerij"]
[Result "1/2-1/2"]
[WhiteElo "2545"]
[BlackElo "2520"]

1.e4 g6 2.d4 Bg7 3.Nc3 d6 4.Bg5 a6 5.f4 b5 6.Nf3 Bb7 7.Bd3 Nf6 8.e5 b4 9.Ne2 Bxf3
10.gxf3 Nd5 11.Be4 c6 12.Qd3 Nd7 13.exd6 N7f6 14.dxe7 Qxe7 15.f5 O-O 16.O-O Qd6
17.Kh1 Nh5 18.Qd2 Rfe8 19.Rae1 a5 20.Rg1 a4 21.c4 bxc3 22.bxc3 Rab8 23.Ng3 Nxg3+
24.hxg3 a3 25.Qd3 gxf5 26.Bxf5 Rxe1 27.Rxe1 Qxg3 28.Rg1 Qf2  1/2-1/2

[Event "RUS-ch51"]
[Site "St Petersburg"]
[Date "1998.08.02"]
[Round "6"]
[White "Aseev, Konstantin N"]
[Black "Rashkovsky, Nukhim N"]
[Result "1-0"]
[WhiteElo "2525"]
[BlackElo "2535"]

1.e4 g6 2.d4 Bg7 3.Nc3 d6 4.f4 a6 5.Nf3 b5 6.Bd3 Bb7 7.e5 e6 8.a4 b4 9.Ne4 Ne7
10.O-O O-O 11.Qe1 a5 12.c3 Ba6 13.Bxa6 Nxa6 14.Nfg5 h6 15.Nf6+ Kh8 16.Ngh7 Bxf6
17.Nxf6 Kg7 18.f5 Rh8 19.fxe6 fxe6 20.Qf2 Qf8 21.Bf4 d5 22.Rac1 c5 23.dxc5 Nf5
24.g4 Ne7 25.Bd2 Nc6 26.cxb4 Naxb4 27.Rc3 Qe7 28.Rh3 g5 29.Nh5+ Kg8 30.Nf6+ Kg7
31.Nh5+ Kg8 32.Bxb4 axb4 33.Qc2 Nxe5 34.Nf6+ Kg7 35.Nh5+ Kg8 36.Re3 b3 37.Qc3 Nxg4
38.Rxe6  1-0

[Event "Cardoza US op"]
[Site "Kona"]
[Date "1998.08.04"]
[Round "4"]
[White "Deng Kong Liang"]
[Black "Tolhuizen, Ludo"]
[Result "1-0"]
[WhiteElo "2415"]
[BlackElo "2220"]

1.e4 g6 2.d4 Bg7 3.Nc3 d6 4.g3 e5 5.dxe5 dxe5 6.Qxd8+ Kxd8 7.Bc4 Be6 8.Bg5+ Bf6
9.Bxe6 fxe6 10.O-O-O+ Nd7 11.h4 h6 12.Be3 h5 13.Nh3 Nh6 14.Rd3 Ke7 15.Rhd1 Rad8
16.Nb5 a6 17.Nxc7 Ng4 18.Ba7  1-0

[Event "Cardoza US op"]
[Site "Kona"]
[Date "1998.08.05"]
[Round "5"]
[White "Kahane, Gabe"]
[Black "Weeramantry, Sunil"]
[Result "1-0"]
[WhiteElo "2100"]
[BlackElo "2215"]

1.e4 d6 2.Nc3 g6 3.d4 Bg7 4.Be3 c6 5.Qd2 b5 6.h3 Nd7 7.Nf3 a6 8.a3 Qc7 9.Be2 Bb7
10.O-O c5 11.Rfe1 cxd4 12.Bxd4 Ngf6 13.Bf1 e5 14.Be3 Nc5 15.Bxb5+ Kf8 16.Bxc5 Qxc5
17.Ba4 Rc8 18.Rad1 Ke7 19.Bb3 h6 20.Re2 Rhd8 21.Nd5+ Bxd5 22.Bxd5 Nh5 23.Bb3 Nf4
24.Re3 Qb6 25.g3 Ne6 26.Bxe6 fxe6 27.Rb3 Qc6 28.Rc3 Qb6 29.Rb3 Qc6 30.Rc3 Qb6
31.b3 Rb8 32.Rd3 Qc6 33.Qe2 Bf6 34.c4 Qc5 35.Qa2 a5 36.R1d2 Rb6 37.Rb2 Rc8
38.Rdd2 Qc6 39.Re2 Kf7 40.Nd2 Bg5 41.Nf3 a4 42.Nxg5+ hxg5 43.bxa4 Rxb2 44.Qxb2 Qxc4
45.Qb5 Rc7 46.Re3 Ke7 47.Qb4 Qd4 48.Rb3 g4 49.hxg4 Qd1+ 50.Kg2 Qxg4 51.a5 Qe2
52.Re3 Qc4 53.Rf3 Qa6 54.Qb6 Qc4 55.a6 Qc6  1-0

[Event "North Bay op"]
[Site "North Bay"]
[Date "1998.08.05"]
[Round "1"]
[White "Curdo, John"]
[Black "Gulati, Ashish"]
[Result "1-0"]
[WhiteElo "2295"]
[BlackElo "2030"]

1.e4 g6 2.d4 Bg7 3.Nc3 d6 4.f4 Nf6 5.Nf3 c5 6.e5 Ng4 7.Bb5+ Bd7 8.e6 Bxb5
9.exf7+ Kf8 10.Nxb5 Qa5+ 11.Nc3 Nh6 12.O-O Nc6 13.d5 Nd4 14.Ne4 Nxf7 15.Nfg5 Qb6
16.c3 h6 17.Nxf7 Kxf7 18.cxd4 Bxd4+ 19.Kh1 Kg7 20.f5 Qd8 21.fxg6 Rf8 22.Bf4 b5
23.Qh5 Rh8 24.Bxh6+  1-0

[Event "Stockholm2"]
[Site "Stockholm"]
[Date "1998.08.05"]
[Round "5"]
[White "Berg, Emanuel"]
[Black "Agrest, Evgenij"]
[Result "1-0"]
[WhiteElo "2380"]
[BlackElo "2545"]

1.e4 d6 2.d4 g6 3.Nc3 Bg7 4.Be3 a6 5.h4 h5 6.Qd2 b5 7.Nh3 Nf6 8.f3 Nbd7 9.Ng5 Bb7
10.O-O-O Rc8 11.e5 dxe5 12.dxe5 b4 13.e6 Ne5 14.Qe1 Nd5 15.Nxd5 Bxd5 16.Bd4 f6
17.Bxe5 Bh6 18.f4 c6 19.Nf7 Qa5 20.Nxh8 Bxe6 21.Qg3 Bg4 22.Qb3 Bxd1 23.Qf7+ Kd7
24.Bxa6 Qxe5 25.Rxd1+ Kc7 26.Bxc8 Bxf4+ 27.Kb1 Qe2 28.Rh1 Kxc8 29.Nxg6 Bd6
30.Qg8+ Kc7 31.Nh8 Kb6 32.Nf7 Bc7 33.Nd8 Qd2 34.Ne6 Qd5 35.Qc8 Bd6 36.Nd8 c5
37.Qe6  1-0

[Event "Eikrem mem"]
[Site "Gausdal"]
[Date "1998.08.07"]
[Round "7"]
[White "Trygstad, Kristian"]
[Black "Engelbert, Christoph"]
[Result "1/2-1/2"]
[WhiteElo "2255"]
[BlackElo "2230"]

1.e4 g6 2.d4 Bg7 3.Nc3 d6 4.Be3 a6 5.Qd2 b5 6.h4 Nf6 7.f3 h5 8.Bd3 Nbd7 9.a4 b4
10.Nce2 a5 11.c3 bxc3 12.bxc3 Ba6 13.Nh3 O-O 14.Nf2 Nb6 15.Bxa6 Rxa6 16.Qd3 Ra8
17.g4 Qd7 18.g5 Nh7 19.f4 d5 20.f5 dxe4 21.Qxe4 Qxf5 22.Qxf5 gxf5 23.Ng3 e6
24.Nxh5 Rfb8 25.Nxg7 Kxg7 26.Bf4 Nc4 27.O-O  1/2-1/2

[Event "Mala mem op"]
[Site "Griesheim"]
[Date "1998.08.08"]
[Round "5"]
[White "Schmittdiel, Eckhard"]
[Black "Cicak, Slavko"]
[Result "1-0"]
[WhiteElo "2470"]
[BlackElo "2460"]

1.e4 g6 2.d4 Bg7 3.Nc3 d6 4.Nge2 Nd7 5.Be3 Ngf6 6.f3 a6 7.a4 O-O 8.Qd2 c5
9.h4 cxd4 10.Nxd4 h5 11.Bh6 Ne5 12.Bxg7 Kxg7 13.Nd5 Nxd5 14.exd5 Bd7 15.Be2 Rc8
16.b3 Qc7 17.a5 Qc5 18.c4 Rfe8 19.O-O e6 20.dxe6 Bxe6 21.Kh2 d5 22.Nxe6+ fxe6
23.f4 Nc6 24.cxd5 exd5 25.Bf3 Rcd8 26.f5 Qe3 27.Qb2+ Qe5+ 28.Qxe5+ Rxe5 29.fxg6 Nd4
30.b4 Rc8 31.Bd1 Kxg6 32.Ra3 Nf5 33.Rf4 Ne3 34.Bf3 Rc1 35.Rd3 Kg7 36.Rfd4 Rc4
37.Rxc4 dxc4 38.Rc3 Nf1+ 39.Kg1 Nd2 40.Bxb7 Rb5 41.Bxa6 Rxb4 42.Rc2 Nb3 43.Rxc4 Rxc4
44.Bxc4 Nxa5 45.Bd5 Kf6 46.Kf2 Kf5 47.Ke3 Kg4 48.Ke4 Kg3 49.Kf5 Nc4 50.Bxc4 Kxh4
51.Bf1  1-0

[Event "MK Cafe Cup-A"]
[Site "Koszalin"]
[Date "1998.08.08"]
[Round "6"]
[White "Sutovskij, Emil"]
[Black "Nijboer, Friso"]
[Result "1-0"]
[WhiteElo "2575"]
[BlackElo "2525"]

1.e4 d6 2.d4 g6 3.Nc3 Bg7 4.Bg5 c6 5.Qd2 b5 6.f4 Qb6 7.e5 f6 8.Bh4 Nh6 9.exf6 exf6
10.Ne4 Nf5 11.Bf2 O-O 12.O-O-O d5 13.Nc5 Nd6 14.Re1 Na6 15.Bd3 Rb8 16.Re7 Nf5
17.Nd7 Bxd7 18.Rxd7 Rbe8 19.g4 Nb8 20.gxf5 Nxd7 21.fxg6 Bh6 22.gxh7+ Kh8
23.Nf3 f5 24.Nh4 Rf6 25.Bxf5 Qc7 26.Re1 Rxe1+ 27.Qxe1 Nf8 28.Kb1 Qf7 29.Qg1 Bxf4
30.Qg4 Bxh2 31.Be3 Nxh7 32.Ng6+ Rxg6 33.Bxg6 Qf1+ 34.Bc1 Qg1 35.Qh5  1-0

[Event "Stockholm2"]
[Site "Stockholm"]
[Date "1998.08.08"]
[Round "8"]
[White "Seeman, Tarvo"]
[Black "Agrest, Evgenij"]
[Result "0-1"]
[WhiteElo "2475"]
[BlackElo "2545"]

1.e4 d6 2.d4 g6 3.Nc3 Bg7 4.Bg5 a6 5.f4 b5 6.Nf3 Bb7 7.Bd3 Nd7 8.O-O c5 9.e5 cxd4
10.Ne4 Qb6 11.exd6 e6 12.Qe1 Ngf6 13.Ne5 Nxe4 14.Bxe4 Bxe4 15.Qxe4 Rc8 16.Be7 f5
17.Nxd7 Kxd7 18.Qd3 Rxc2 19.Kh1 Qc6 20.Qg3 Rc8 21.h4 d3 22.Rad1 d2 23.Kh2 Qc4
24.h5 Bd4 25.hxg6 Rg8  0-1

[Event "North Bay op"]
[Site "North Bay"]
[Date "1998.08.09"]
[Round "9"]
[White "Saint Amand, Paul"]
[Black "Gulati, Ashish"]
[Result "1-0"]
[WhiteElo "2220"]
[BlackElo "2030"]

1.e4 g6 2.d4 Bg7 3.Nc3 d6 4.f4 Nf6 5.Nf3 c5 6.Bb5+ Bd7 7.e5 Ng4 8.h3 Nh6
9.g4 Bxb5 10.Nxb5 Qa5+ 11.Nc3 cxd4 12.Qxd4 Nc6 13.Qe4 O-O-O 14.Bd2 dxe5 15.fxe5 e6
16.O-O-O Ng8 17.Rhe1 h6 18.Qc4 a6 19.Ne4 Qc7 20.Nd6+ Kb8 21.Be3 Ka8 22.Nxf7 Rf8
23.Nxh8 Rxf3 24.Nxg6 Nge7 25.Qxe6 Nxg6 26.Qe8+ Nb8 27.Qxg6 Qxe5 28.Qb6  1-0

[Event "MK Cafe Cup-A"]
[Site "Koszalin"]
[Date "1998.08.11"]
[Round "9"]
[White "Berelovich, Aleksandar"]
[Black "McNab, Colin Anderson"]
[Result "1-0"]
[WhiteElo "2495"]
[BlackElo "2445"]

1.e4 g6 2.d4 d6 3.Nc3 Bg7 4.f4 Nc6 5.Be3 Nf6 6.Nf3 O-O 7.Be2 e6 8.Qd2 Ne7
9.h3 b6 10.e5 Nfd5 11.Nxd5 Nxd5 12.Bf2 Bb7 13.O-O-O Bh6 14.g3 dxe5 15.dxe5 Nxf4
16.gxf4 Qxd2+ 17.Kxd2 Bxf4+ 18.Kc3 Bxf3 19.Bxf3 Bxe5+ 20.Bd4 Bxd4+ 21.Rxd4 Rad8
22.Rhd1 Rxd4 23.Rxd4 f5 24.Ra4 a5 25.Kd4 Rd8+ 26.Ke5 Kf7 27.Rc4 c5 28.Rc3 Ke7
29.Rd3 Rxd3 30.cxd3 g5 31.Bh5 b5 32.Bd1 a4 33.a3 f4 34.Bg4 b4 35.Bd1 bxa3
36.bxa3 Kf7 37.Bh5+ Kg7 38.Kxe6 Kh6 39.Bd1 Kg6 40.Ke5 h5 41.Ke4  1-0

[Event "ESP-ch"]
[Site "Linares"]
[Date "1998.08.12"]
[Round "1"]
[White "Bellon Lopez, Juan Manuel"]
[Black "Baena, Jesus"]
[Result "1-0"]
[WhiteElo "2490"]
[BlackElo "2180"]

1.d4 g6 2.e4 Bg7 3.Nc3 d6 4.Bg5 Nc6 5.Nge2 h6 6.Be3 e5 7.h3 Nge7 8.dxe5 Nxe5
9.f4 N5c6 10.g4 O-O 11.Qd2 b5 12.O-O-O Na5 13.Bd4 f6 14.Ng3 a6 15.Nd5 Nac6
16.Bc3 Bd7 17.f5 Be8 18.Nf4 Bf7 19.fxg6 Nxg6 20.Nxg6  1-0

[Event "Asia-ch"]
[Site "Teheran"]
[Date "1998.08.14"]
[Round "1"]
[White "Thipsay, Praveen Mahadeo"]
[Black "Khamdamov, Suhrob"]
[Result "0-1"]
[WhiteElo "2450"]
[BlackElo "2140"]

1.e4 d6 2.d4 g6 3.Nc3 Bg7 4.f4 a6 5.Nf3 b5 6.Be3 Bb7 7.Bd3 Nd7 8.O-O c5 9.Qe1 cxd4
10.Nxd4 Ngf6 11.Kh1 Nc5 12.Bg1 O-O 13.b4 Ne6 14.Nb3 Rc8 15.Rc1 Rxc3 16.Qxc3 Nxe4
17.Qe1 Bc3 18.Qe3 Qa8 19.f5 Ng7 20.fxg6 hxg6 21.Rf4 Nf5 22.Qh3 Be5 23.Rxf5 gxf5
24.Qxf5 e6 25.Qh5 Bg7 26.Nd4 Bd5 27.Nf3 f5 28.Be3 f4 29.Bg1 Rf6 30.Qg4 e5
31.Re1 Rh6 32.Nh4 Nf6 33.Qh3 Rxh4  0-1

[Event "Hampstead Rated3"]
[Site "Hampstead"]
[Date "1998.08.15"]
[Round "1"]
[White "Leal, Paulo"]
[Black "Soh, Edmund"]
[Result "1/2-1/2"]
[WhiteElo "2135"]
[BlackElo "1872"]

1.e4 g6 2.d4 Bg7 3.Nc3 d6 4.Be3 Nf6 5.Nf3 c6 6.Qd2 Bg4 7.Be2 Nbd7 8.h3 Bxf3
9.Bxf3 Qc7 10.a4 a5 11.O-O O-O 12.g3 Rad8 13.Bg2 Nb6 14.b3 e5 15.d5 cxd5
16.Nb5 Qc6 17.Na7 Qc7 18.Nb5 Qc6 19.Na7 Qc7 20.Nb5  1/2-1/2

[Event "Hampstead GM3"]
[Site "Hampstead"]
[Date "1998.08.15"]
[Round "6"]
[White "McDonald, Neil R"]
[Black "Burnett, Ronald"]
[Result "1/2-1/2"]
[WhiteElo "2490"]
[BlackElo "2395"]

1.e4 g6 2.d4 Bg7 3.Nc3 d6 4.f4 c6 5.Nf3 b5 6.Bd3 b4 7.Ne2 Nd7 8.O-O a5 9.e5 e6
10.Ng5 d5 11.f5 gxf5 12.Nf4 Nf8 13.Nxf7 Kxf7 14.Qh5+ Ng6 15.Nxe6 Bxe6 16.Bxf5 Bxf5
17.Qxf5+ Nf6 18.exf6 Bf8 19.Bd2 Qc8 20.Qh5 Qd7 21.Rae1 Re8 22.h3 Rxe1 23.Bxe1 Qe6
24.Bg3 Qe4 25.c3 a4 26.Re1 Qd3 27.Qg4 Kxf6 28.Qe6+ Kg5 29.Qg4+ Kf6 30.Qe6+ Kg5
31.Bf2 Kh6 32.Qf6 Bg7 33.Qe6 Bf8 34.Qf7 bxc3 35.Be3+ Qxe3+ 36.Rxe3 cxb2 37.Re1 Bg7
38.Qf2 a3 39.Qd2+ Kh5 40.g4+ Kh4 41.Qf2+ Kg5 42.Qf5+ Kh4 43.Qf2+ Kg5 44.Qe3+ Kh4
45.Kh2 Rf8 46.Qg3+ Kg5 47.Qe3+ Rf4 48.Qxa3 Bxd4 49.Qd6 Kh4 50.Qd8+ Bf6 51.Qc7 Rf2+
52.Kh1 Be5 53.Qxc6 Rh2+ 54.Kg1 Re2 55.Rd1 Nf4 56.Kh1 Kg3 57.Rg1+ Kf3 58.Qb5 d4
59.Qb7+ Ke3 60.Rf1 d3 61.Qb5 Ke4 62.Qb7+ Kd4 63.Qb4+ Ke3 64.Qb5 Ke4 65.Qb7+ Kd4
66.Qb4+ Ke3 67.Qb5  1/2-1/2

[Event "ESP-ch"]
[Site "Linares"]
[Date "1998.08.15"]
[Round "4"]
[White "Hernandez, Yudania"]
[Black "Comas Fabrego, Luis"]
[Result "1/2-1/2"]
[WhiteElo "2275"]
[BlackElo "2540"]

1.e4 g6 2.d4 Bg7 3.Nc3 d6 4.Nge2 Nf6 5.g3 O-O 6.Bg2 c6 7.h3 Nbd7 8.O-O e5
9.Be3 Re8 10.Qd2 a6 11.Rad1 Qe7 12.f4 exf4 13.Bxf4 b5 14.a3 Bb7 15.g4 h5
16.gxh5 Nxh5 17.Bh2 Rad8 18.Ng3 Ndf6 19.Nce2 Nxg3 20.Nxg3 c5 21.d5 Nh7 22.c3 Bc8
23.Nh1 Ng5 24.Nf2 c4 25.Bf4 Nh7 26.Rde1 Qh4 27.Qe3 Be5 28.Nh1 Qe7 29.Rf2 Bxf4  1/2-1/2

[Event "AZ Sanace Cup"]
[Site "Olomouc"]
[Date "1998.08.16"]
[Round "9"]
[White "Kalod, Radek"]
[Black "Oral, Tomas"]
[Result "1/2-1/2"]
[WhiteElo "2435"]
[BlackElo "2510"]

1.e4 g6 2.d4 Bg7 3.Nc3 d6 4.Be3 c6 5.f3 b5 6.Qd2 Nd7 7.h4 h5 8.Nh3 Nb6 9.Ng5 Nf6
10.a4 b4 11.Nd1 a5 12.c4 bxc3 13.Nxc3 O-O 14.Be2 Nfd7 15.O-O Nb8 16.Rfe1 Na6
17.Bf1 Nb4 18.Qf2 f6 19.Nh3 Bxh3 20.gxh3 f5 21.Qg3 Kh7 22.Kh1 f4 23.Bxf4 Bxd4
24.Red1 Nc2 25.Rac1 Be3 26.Bxe3 Nxe3 27.Rd3  1/2-1/2

[Event "Asia-ch"]
[Site "Teheran"]
[Date "1998.08.16"]
[Round "3"]
[White "Azahari, Md Nor"]
[Black "Kakageldyev, Amanmurad"]
[Result "0-1"]
[WhiteElo "2140"]
[BlackElo "2475"]

1.d4 g6 2.Nc3 Bg7 3.e4 d6 4.f3 c6 5.Bc4 d5 6.exd5 b5 7.Bb3 b4 8.Ne4 cxd5
9.Nc5 Nf6 10.Bd2 Qb6 11.a3 bxa3 12.Rxa3 O-O 13.Ne2 Nc6 14.Bc3 e6 15.g4 Ne8
16.Qd2 Nd6 17.Na4 Qc7 18.Qd3 Rb8 19.Nc5 Nb5 20.Na6 Bxa6 21.Rxa6 Nxc3 22.Qxc3 Rfc8
23.Ba4 Nxd4 24.Qxc7 Rxc7 25.Nxd4 Bxd4 26.Kd2 Bxb2 27.Rc6 Rxc6 28.Bxc6 Rb6
29.Ba4 Rb4 30.Bb3 a5 31.Ba2 Be5 32.h3 Ra4 33.Bb3  0-1

[Event "Hampstead Rated3"]
[Site "Hampstead"]
[Date "1998.08.17"]
[Round "3"]
[White "Larski, Stanislav"]
[Black "Soh, Edmund"]
[Result "1/2-1/2"]
[WhiteElo "2190"]
[BlackElo "1872"]

1.e4 g6 2.d4 Bg7 3.Nc3 d6 4.f4 Nf6 5.Nf3 c5 6.Bb5+ Bd7 7.e5 Ng4 8.Bxd7+ Qxd7
9.d5 dxe5 10.h3 e4 11.Nxe4 Nf6 12.Nxf6+ Bxf6 13.O-O O-O 14.Be3 Qc7 15.Rb1 Nd7
16.c4 a6 17.a4 b5 18.axb5 axb5 19.cxb5 Rfb8 20.b4 c4  1/2-1/2